00297nam a22001097a 4500082001700000100002600017245007300043260004400116300001100160563000800171650000800179 a340.115bBAS aBasit, Muhammad Abdul aRight Access to Information Laws of Pakistan /cMuhammad Abdul Basit aRawalpindi :bFederal Law House,c2024. a164 p. aPB. aLaw